00329nam a2200133 a 450008200140000010000170001424500200003126000480005130000090009950000350010850500190014365000160016270000170017800a239bAKB3 aAkbar, Masih aZarbat-E-Isavi. aLahorebPunjab Religious Booksociety c1926 a172p aincludes index and biblioraphy2 aReserve copies aApologetics1 aAkbar, Masih